000 00573nam a2200205Ia 4500
005 20250923145404.0
008 008 250917s9999 xx 000 0 eng d
037 _aTextual
040 _aDSWL
_beng
_cDSWL
041 _aeng
_2eng
084 _aV2,4N51, N67
_qDSWL
100 _aJhangiani, M.A.
_9834791
245 0 _aJana Sangh and swatantra
_c by M.A. Jhangiani
260 _aBombay
_bManabtalas
_c1967
300 _axiv,223 p.
365 _aINR
_b22 . 50
925 _g22 . 50
942 _cTEXL
_hV2,4N51, N67
999 _c1450781
_d1450781